Antología poética (Registro nro. 87973)

Detalles MARC
000 -ENCABEZADO
Número de control [NR] 00505nam a22001577a 4500
008 - DE LONGITUD FIJA DE DATOS DE ELEMENTOS - INFORMACIÓN GENERAL
Elementos de longitud fija [NR] 130821s1941 ag gr spa
040 ## - FUENTE DE CATALOGACION [NR]
Agencia de catalogación original [NR] Co-BoUCM
Idioma de catalogación [NR] spa
041 00 - CODIGO DE IDIOMA [R]
Código de idioma para texto/pista de sonido o título separado [R] Español
100 ## - ASIENTO PRINCIPAL--NOMBRE PERSONAL [NR]
Nombre personal [NR] Lugones, Leopoldo,1874-1938
ID Autoridad 62632
245 00 - MENCION DE TITULO [NR]
Título [NR] Antología poética
Mención de responsabilidad, etc. [NR] Leopoldo Lugones
260 ## - PUBLICACION, DISTRIBUCION, ETC. (PIE DE IMPRENTA) [R]
Lugar de publicación, distribución, etc. [R] Buenos Aires (Argentina)
Nombre del editor, distribuidor, etc. [R] Editora Espasa Calpe
Fecha de publicación, distribución, etc. [R] 1941
300 ## - DESCRIPCION FISICA [R]
Extensión [R] 337 páginas
500 ## - NOTA GENERAL [R]
Nota general [NR] Notas a pie de página
942 ## - ELEMENTOS DE ENTRADA AGREGADOS (KOHA)
Tipo de ítem principal el descrito en 300a Libro
Tema principal Literatura
Edición 1
Parte restante de la signatura top. L84
Título oculto en OPAC No
Sistema de clasificación DEWEY
Clasificación 808.81
Existencias
Signatura topográfica Código de barras Última vez visto Ejemplar Price effective from Tipo de ítem Perdido Sistema de clasificación Dañado No prestable Tipo de ítem específico Suprimido Ubicación habitual Ubicación actual Localización Fecha de creación Forma de adquisición Costo
FCS 808.81 L84 120001286 09/07/2012 Ej.1 03/02/2013 Libro   DEWEY     Fondos especiales     Archivo Histórico Archivo histórico 28/02/2003 Donación 1000.00